Responses for Show #6212 - Tuesday, September 27, 2011

Contestants

[<< previous game]

Susan Miller, a college student from Stow, Ohio

Joe Iriana, an exterminator from Wells, Maine

Matt Douma, a standardized test scorer from Minneapolis, Minnesota (whose 1-day cash winnings total $14,100)

[next game >>]

Jeopardy! Round responses

EDUCATION
MAJOR LEAGUE BASEBALL LOGOS
FAST FOOD MENU
NATURE STUDY
DISASTERS
I'D RATHER STAY "HOME"
    $200 21
(Joe: What is the National Education Association?)

American Federation of Teachers (AFT)

MattJoe
    $200 1
the (Los Angeles) Angels (of Anaheim)

Matt
    $200 16
Burger King

Matt
    $200 30
an opossum

Matt
    $200 6
a tornado

Joe
    $200 9
(Joe: [Shakes head])

homesick

JoeSusan
    $400 22
master's of business administration

Matt
    $400 2
the (Baltimore) Orioles

Matt
    $400 17
Taco Bell

Susan
    $1,500 29
(Joe: What is the kernel?)

the husk

Joe
    $400 7
a fire

Matt
    $400 10
Home Depot

Joe
    $600 23
[Joe gave both listed responses.]

the AP (or Advanced Placement)

Joe
    $600 3
the (Philadelphia) Phillies

Joe
    $600 18
KFC

Joe
    $600 28
recluse

Joe
    $600 8
a coal mine

Susan
    $600 11
home front

Joe
    $800 24
a charter school

Matt
    $800 4
the Atlanta Braves

Joe
    $800 19
Arby's

Triple Stumper
    $800 27
the sunflower

Susan
    $800 14
(Joe: What is a dirigitible?) [Originally ruled correct as Alex did not hear the extra syllable; reversed after the first break]

a dirigible

Joe
Triple Stumper
    $800 12
come home to roost

Joe
    $1000 25
HEW

Triple Stumper
    $1000 5
the (Colorado) Rockies

Matt
    $1000 20
Dairy Queen

Matt
    $1000 26
(Alex: Yes, with less than a minute to go.)

Lake Baikal

Matt
    $1000 15
(Joe: What is the Han?)

the Yellow River (or Hwang Ho)

MattJoe
    $1000 13
homeopathy

Matt

Scores at the first commercial break (after clue 15):

Matt Joe Susan
$4,000 $1,400 $800

Scores at the end of the Jeopardy! Round:

Matt Joe Susan
$7,800 $1,500 $2,000

Double Jeopardy! Round responses

CHANNEL SURFING
CELEBRITIES' FAVORITE MOVIES
AMERICAN WOMEN
SHORT STORIES
DRESS CASUAL
BEFORE & AFTER
    $400 1
the English Channel

Matt
    $400 3
North by Northwest

Matt
    $400 19
(Susan: What's the berry?)

a leaf

MattSusan
    $400 17
a track suit

Joe
    $400 7
Little Rock of Gibraltar

Matt
    $800 2
(Alex: Nope. Oh I'm sorry, yes, we'll accept that--[*] and Sweden.)

Norway (& Sweden)

Susan
    $800 12
The Matrix

Matt
    $800 28
(Joe: Who is Cheryl Ladd?)

Cheryl Tiegs

MattJoe
    $800 20
New Orleans

Matt
    $800 18
a cover-up

Susan
    $800 8
Dear John Adams

Matt
    $3,000 4
Madagascar

Matt
    $1200 13
Apocalypse Now

Susan
    $1200 27
"America The Beautiful"

Susan
    $6,000 21
Rip Van Winkle

Matt
    $1200 24
(Matt: What are sandals?)
...
(Alex: Less than a minute to go, Matt.)

t-shirts

Matt
Triple Stumper
    $1200 9
True Blood type

Matt
    $1600 5
the Yucatán

Susan
    $1600 14
(Susan: What is Being Human?)

Being There

JoeSusan
    $1600 26
Margaret Mead

Joe
    $1600 22
J.D. Salinger

Joe
    $1600 29
[The end-of-round signal sounds.]

varsity

Matt
    $1600 10
the break-even point guard

Matt
    $2000 6
(Alex: [*] Channel, right indeed, Darwin's ship.)

the Beagle

Matt
    $2000 15
South Pacific

Joe
    $2000 25
Kansas

Susan
    $2000 23
the Jazz Age

Matt
    $2000 16
flannel

Matt
    $2000 11
[Applause for Matt's running the category]

the upper G.I. Bill

Matt

Scores at the end of the Double Jeopardy! Round:

Matt Joe Susan
$32,800 $7,900 $7,600
(lock game)

[wagering suggestions for these scores]

Final Jeopardy! Round responses

ENGLISH WRITERS
SusanWho is Chaucer?
$400
JoeWho is Chaucer?
$7,700
MattWho was Chaucer?
$7,200
Chaucer

Final scores:

Matt Joe Susan
$40,000 $15,600 $8,000
2-day champion: $54,100 2nd place: $2,000 3rd place: $1,000

Game dynamics:

Coryat scores:

Matt Joe Susan
$26,200 $9,400 $7,600
30 R
(including 2 DDs),
1 W
14 R,
6 W
(including 1 DD)
10 R,
2 W

Combined Coryat: $43,200

[game clues] [game scores] [suggest correction]

Game tape date: 2011-08-23
The J! Archive is created by fans, for fans. Scraping, republication, monetization, and malicious use prohibited; this site may use cookies and collect identifying information. See terms. The Jeopardy! game show and all elements thereof, including but not limited to copyright and trademark thereto, are the property of Jeopardy Productions, Inc. and are protected under law. This website is not affiliated with, sponsored by, or operated by Jeopardy Productions, Inc. Join the discussion at JBoard.tv.